| Tag |
First Indicator |
Second Indicator |
Subfields |
| LEADER |
00000cam a2200000 i 4500 |
| 001 |
in00004765921 |
| 003 |
OCoLC |
| 005 |
20240131142404.5 |
| 008 |
230803t20232023mdua b 001 0 eng |
| 010 |
|
|
|a 2023035466
|
| 040 |
|
|
|a DLC
|e rda
|c DLC
|
| 020 |
|
|
|a 9781475873252
|q hardcover
|
| 020 |
|
|
|a 1475873255
|q hardcover
|
| 020 |
|
|
|a 9781475873269
|q paperback
|
| 020 |
|
|
|a 1475873263
|q paperback
|
| 020 |
|
|
|z 9781475873276
|q electronic publication
|
| 035 |
|
|
|a (OCoLC)1392168548
|
| 043 |
|
|
|a n-us---
|
| 050 |
0 |
0 |
|a LB2342
|b .A43 2023
|
| 082 |
0 |
0 |
|a 378.1/06
|2 23/eng/20230803
|
| 100 |
1 |
|
|a Ambrose, Charles M.,
|e author.
|
| 245 |
1 |
0 |
|a Colleges on the brink :
|b the case for financial exigency /
|c Charles M. Ambrose, Michael T. Nietzel.
|
| 264 |
|
1 |
|a Lanham, Maryland :
|b Rowman & Littlefield,
|c [2023].
|
| 264 |
|
4 |
|c ©2023.
|
| 300 |
|
|
|a xii, 225 pages :
|b illustrations ;
|c 24 cm.
|
| 336 |
|
|
|a text
|b txt
|2 rdacontent
|
| 337 |
|
|
|a unmediated
|b n
|2 rdamedia
|
| 338 |
|
|
|a volume
|b nc
|2 rdacarrier
|
| 504 |
|
|
|a Includes bibliographical references and index.
|
| 505 |
0 |
|
|a Colleges on the brink -- Financial exigency -- The numbers every college should know -- The journey through financial exigency -- The freedom protection coefficient -- The resistance -- Year zero -- Beyond exigency.
|
| 520 |
|
|
|a The book comprehensively examines financial exigency, including its history and current status in higher education. It includes a case history about how exigency can help restore the financial integrity of economically distressed colleges.
|
| 650 |
|
0 |
|a Universities and colleges
|z United States
|x Finance.
|
| 650 |
|
0 |
|a Education, Higher
|z United States
|x Costs.
|
| 650 |
|
0 |
|a Universities and colleges
|x Economic aspects
|z United States.
|
| 700 |
1 |
|
|a Nietzel, Michael T.,
|e author.
|
| 945 |
|
|
|b 942027
|
| 947 |
|
|
|a A14852505081
|
| 948 |
|
|
|a dmitchel 1/31/24 8.20.10
|
| 980 |
|
|
|b print
|c 40032074096
|f NONFIC/B
|g 565714
|k USD
|m 76.00
|q 1
|s AcqMono Conventional
|t Approval plan
|u Vendor order reference number
|v ZYBP
|y Print approval
|z Physical resource
|
| 999 |
f |
f |
|i 0323e1af-3701-4a53-99e0-aaf02831da25
|s 506c27da-8379-4bea-ba29-3093f8f5be9e
|t 0
|
| 952 |
f |
f |
|p normal
|a Texas A&M University
|b College Station
|c Sterling C. Evans Library
|d Evans: Library Stacks
|t 0
|e LB2342 .A43 2023
|h Library of Congress classification
|i unmediated -- volume
|m A14852505081
|
| 998 |
f |
f |
|a LB2342 .A43 2023
|t 0
|l Evans: Library Stacks
|